00928cam a2200229 a 450000100100000000500170001000800410002704000250006808200200009310000540011324501080016726000350027530000250031049000310033565100400036665100320040665000420043870000410048083000390052195201230056099900150068300000561420200929151725.0841119s1941 sp b 001 0 spa  aDO-SdBNPbspacBNPHU a920.046bP438ge1 aPérez de Guzmán, Fernán,d1370-1460.91585310aGeneraciones y semblanzas /cFernán Pérez de Guzmán ; edición y notas de J. Domíguez Bordona. aMadrid :bEspasa Calpe,c1941. axxxvi, 228 ;c19 cm.1 aClásicos castellanosv61 4aEspañaxHistoriay711-1516915648 4aEspañavBIOGRAFÍA93260 4aNoblezazEspañavBIOGRAFÍA9156491 aDomínguez Bordona, J.,eed.915854 0aClásicos castellanos ;v6194180 001054708MOaGRbGRcHDd2009-08-20iLF1l0o920.046 P438gep5614-10r2020-06-25w2020-06-25y4ZPréstamo en sala c5413d5413